Artificial Intelligence: Making a system intelligent (Record no. 5284)

MARC details
000 -LEADER
fixed length control field 00473nam a2200169Ia 4500
008 - FIXED-LENGTH DATA ELEMENTS--GENERAL INFORMATION
fixed length control field 230917s9999||||xx |||||||||||||| ||und||
020 ## - ISBN
Price RS 529.00
040 ## - CATALOGING SOURCE
-- 5000853
Original cataloging agency VIVEKANANDA LIBRARY
041 ## - Language
-- English
082 ## - DDC NUMBER
Classification number 006.3 J199A
100 ## - MAIN ENTRY--PERSONAL NAME
Personal name Jain, Nilakshi
245 #0 - TITLE STATEMENT
Title Artificial Intelligence: Making a system intelligent
260 ## - PUBLICATION, DISTRIBUTION, ETC. (IMPRINT)
Place of publication, distribution, etc New Delhi
Name of publisher, distributor, etc Wiley India
Date of publication, distribution, etc 2019
300 ## - PHYSICAL DESCRIPTION
Pages xvii, 426 p.
500 ## - GENERAL NOTE
General note 4508 27/01/2022 HBD22/9298 04/03/2022 Main Budget
942 ## - ADDED ENTRY ELEMENTS (KOHA)
Koha item type Books
Holdings
Withdrawn status Lost status Damaged status Not for loan Location (home branch) Sublocation or collection (holding branch) Date acquired Koha issues (times borrowed) Koha full call number Accession No. Koha date last seen Koha item type Shelving location
        VIVEKANANDA LIBRARY VIVEKANANDA LIBRARY 27/03/2022 7 006.3 J199A 405185 20/05/2025 Books  
        VIVEKANANDA LIBRARY VIVEKANANDA LIBRARY 27/03/2022 3 006.3 J199A 405287 07/10/2024 Books UIET Library
        VIVEKANANDA LIBRARY VIVEKANANDA LIBRARY 27/03/2022 3 006.3 J199A 405288 30/12/2024 Books UIET Library
        VIVEKANANDA LIBRARY VIVEKANANDA LIBRARY 27/03/2022 7 006.3 J199A 405289 07/04/2026 Books UIET Library
© Designed and Maintained by Vivekananda Library, MDU Rohtak